Highest Grossing Two-Word Movie Per Letter Quiz Stats

 Plays Quiz Updated May 12, 2019

Score 0/26 Timer 07:00
1 Play Today
Letter - Gross Movie % Correct
S - $460,998,007Star Wars
90.2%
H - $285,761,243Home Alone
87.7%
O - $183,417,150Ocean's Eleven
81.4%
R - $172,825,435Rain Man
75.7%
B - $612,103,128Black Panther
75.1%
Z - $28,848,693 Zoolander 2
73%
W - $412,563,408Wonder Woman
69.7%
C - $423,777,079Captain Marvel
69.3%
F - $486,295,561Finding Dory
69.1%
L - $181,410,615Liar Liar
66.8%
J - $652,270,625Jurassic World
63.8%
T - $311,500,126Thor: Ragnarok
61%
E - $125,595,205Erin Brockovich
56.2%
Letter - Gross Movie % Correct
A - $723,499,739Avengers: Endgame
47.5%
N - $173,008,894National Treasure
45.9%
U - $83,563,139Under Siege
44%
M - $289,916,256Monsters, Inc.
43.3%
X - $155,442,489X-Men: Apocalypse
38.9%
K - $218,080,025King Kong
38.3%
V - $120,177,084Van Helsing
37.3%
P - $198,542,554Pearl Harbor
36.2%
D - $324,505,097Deadpool 2
33.8%
I - $608,581,744Incredibles 2
33.7%
G - $175,484,140Get Out
30.7%
Q - $24,822,619Quiz Show
25%
Y - $100,246,011Yogi Bear
9%

You're not logged in!

Compare scores with friends on all Sporcle quizzes.
OR
Log In

Show Comments

Extras

Top Quizzes Today


Score Distribution

Your Account Isn't Verified!

In order to create a playlist on Sporcle, you need to verify the email address you used during registration. Go to your Sporcle Settings to finish the process.

Report this User

Report this user for behavior that violates our Community Guidelines.

Details: